Capitali per Fuso Orario - UTC+9 - Statistics

Statistiche generali
  • Questo quiz è stato fatto 4 volte
  • Il punteggio medio è 3 su 5
Statistiche sulle risposte
Continente Capitale % Corretto
Asia Pyongyang
100%
Asia Tokyo
100%
Asia Seul
75%
Asia Dili
25%
Oceania Ngerulmud
25%
Nessun quiz corrispondente trovato
Distribuzione punteggi
Percentuale di utenti per punteggio
Percentile per numero di risposta
I tuoi punteggi nel tempo
Non hai fatto questo quiz